[Event "Baden-ch MT"]
[Site "Oberwinden"]
[Date "2007.04.11"]
[Round "7"]
[White "Roettig, Hans Peter"]
[Black "Gorse, Gerard"]
[Result "1-0"]
[WhiteElo "2110"]
[BlackElo "2058"]
[PlyCount "85"]
[EventDate "2007.04.06"]
[EventType "swiss"]
[EventRounds "11"]
[EventCountry "GER"]
[SourceTitle "CBM 117 Extra"]
[Source "ChessBase"]
[SourceDate "2007.05.09"]
[SourceVersion "1"]
[SourceVersionDate "2007.05.09"]
[SourceQuality "1"]

1. e4 c5 2. d4 cxd4 3. c3 Nf6 4. e5 Nd5 5. Bc4 Qc7 6. Qe2 Nb6 7. Bd3 Nc6 8. Nf3 d5 9. h3 h6 10. 0-0 g5 11. cxd4 g4 12. hxg4 Bxg4 13. Be3 0-0-0 14. Nbd2 Rg8 15. Rfc1 Kb8 16. a4 Nc8 17. b4 Qd7 18. Bb5 Rg6 19. Rc3 Re6 20. Nb3 Rg6 21. Nbd2 Bg7 22. Rac1 Rg8 23. Bxc6 bxc6 24. Bf4 Ka8 25. b5 cxb5 26. Rc7 Qd8 27. Qxb5 Rb6 28. Qc5 Rb7 29. Qc6 Qxc7 30. Qxc7 Rxc7 31. Rxc7 Be6 32. Nb3 Kb8 33. Rc5 Rd8 34. Rb5+ Ka8 35. a5 Rd7 36. Nc5 Rc7 37. Ne1 Rc6 38. Ned3 a6 39. Rb2 Na7 40. Nb4 Rc8 41. Nbxa6 Nc6 42. Be3 Bf5 43. Rb7 1-0

[Event "Baden-ch MT"]
[Site "Oberwinden"]
[Date "2007.04.09"]
[Round "5"]
[White "Horn, Hans Markus"]
[Black "Gorse, Gerard"]
[Result "0-1"]
[WhiteElo "2018"]
[BlackElo "2058"]
[PlyCount "70"]
[EventDate "2007.04.06"]
[EventType "swiss"]
[EventRounds "11"]
[EventCountry "GER"]
[SourceTitle "CBM 117 Extra"]
[Source "ChessBase"]
[SourceDate "2007.05.09"]
[SourceVersion "1"]
[SourceVersionDate "2007.05.09"]
[SourceQuality "1"]

1. d4 Nf6 2. c4 c5 3. Nf3 cxd4 4. Nxd4 e6 5. g3 Bb4+ 6. Nd2 Qb6 7. e3 Nc6 8. a3 Be7 9. N2f3 d5 10. cxd5 exd5 11. Bg2 0-0 12. 0-0 Bg4 13. h3 Bxf3 14. Bxf3 Rfd8 15. b4 Ne5 16. Nf5 Bf8 17. Bb2 Qe6 18. Bxe5 Qxe5 19. Nd4 Ne4 20. Bg2 a5 21. Nf3 Qd6 22. b5 a4 23. Qd4 g6 24. Qb2 Bg7 25. Nd4 Nc5 26. Qb4 Qb6 27. Rad1 Ra5 28. Rb1 Bf8 29. Qb2 Nb3 30. Nxb3 Rxb5 31. Qd4 axb3 32. a4 Qxd4 33. exd4 Rb4 34. Rfd1 Bg7 35. Rd3 b2 0-1

[Event "Baden-ch MT"]
[Site "Oberwinden"]
[Date "2007.04.08"]
[Round "4"]
[White "Gorse, Gerard"]
[Black "Braun, Ruediger Thomas"]
[Result "0-1"]
[WhiteElo "2058"]
[BlackElo "1981"]
[PlyCount "71"]
[EventDate "2007.04.06"]
[EventType "swiss"]
[EventRounds "11"]
[EventCountry "GER"]
[SourceTitle "CBM 117 Extra"]
[Source "ChessBase"]
[SourceDate "2007.05.09"]
[SourceVersion "1"]
[SourceVersionDate "2007.05.09"]
[SourceQuality "1"]

1. d4 d5 2. c4 Nc6 3. Nc3 Nf6 4. cxd5 Nxd5 5. e4 Nxc3 6. bxc3 e5 7. d5 Ne7 8. Nf3 Ng6 9. Qb3 b6 10. Be3 Bd6 11. Bb5+ Bd7 12. Qa4 Bxb5 13. Qxb5+ Qd7 14. Qxd7+ Kxd7 15. 0-0 Ke7 16. c4 Nf8 17. Nd2 Nd7 18. Nb3 Rhc8 19. f4 c6 20. fxe5 Nxe5 21. Nd4 Nxc4 22. Nf5+ Kf8 23. Bd4 Be5 24. Rac1 Bxd4+ 25. Nxd4 cxd5 26. exd5 Ne3 27. Rfe1 Rxc1 28. Rxc1 Nxd5 29. Nb5 a6 30. Nd6 Ke7 31. Ne4 f5 32. Ng3 g6 33. Kf2 Ra7 34. Rf1 Kd6 35. h4 Rc7 36. Kg1 0-1

[Event "Baden-ch MT"]
[Site "Oberwinden"]
[Date "2007.04.07"]
[Round "3"]
[White "Gorse, Gerard"]
[Black "Loesch, Torsten"]
[Result "1/2-1/2"]
[WhiteElo "2058"]
[BlackElo "2036"]
[PlyCount "106"]
[EventDate "2007.04.06"]
[EventType "swiss"]
[EventRounds "11"]
[EventCountry "GER"]
[SourceTitle "CBM 117 Extra"]
[Source "ChessBase"]
[SourceDate "2007.05.09"]
[SourceVersion "1"]
[SourceVersionDate "2007.05.09"]
[SourceQuality "1"]

1. d4 Nf6 2. c4 c5 3. Nf3 e6 4. g3 b6 5. Bg2 Bb7 6. 0-0 cxd4 7. Qxd4 Nc6 8. Qf4 d5 9. Rd1 Bd6 10. Qh4 Qe7 11. Nc3 dxc4 12. Qxc4 Rc8 13. Bg5 Ne5 14. Qa4+ Bc6 15. Qa6 Bb7 16. Qxa7 Bxf3 17. Qxe7+ Bxe7 18. Bxf3 0-0 19. Rac1 Nc4 20. b3 Ne5 21. Nb5 Nxf3+ 22. exf3 Bc5 23. Be3 Nd5 24. Bxc5 bxc5 25. Rd2 g6 26. a3 Nb6 27. Rdc2 Nd7 28. a4 Rb8 29. Rd1 Rb7 30. Kg2 Rfb8 31. f4 Kf8 32. h4 Ke7 33. h5 Rb6 34. hxg6 hxg6 35. Rcd2 Nf6 36. Kf3 R8b7 37. g4 Nd5 38. f5 gxf5 39. gxf5 Rxb5 40. axb5 Rxb5 41. Rd3 Kd6 42. Kg4 Rb8 43. f4 Rb4 44. Kg3 Ke7 45. Rf3 Nf6 46. fxe6 fxe6 47. Re1 Kf7 48. Re5 c4 49. bxc4 Rxc4 50. Kh4 Ra4 51. Rb5 Ne4 52. Re3 Nd6 53. Rbe5 Rxf4+ 1/2-1/2